|
|
|
|
| LEADER |
00000nam1a2200000 4500 |
| 001 |
379936 |
| 005 |
20231101062634.0 |
| 011 |
|
|
|a 0236-2007
|
| 035 |
|
|
|a (RuTPU)RU\TPU\prd\432
|
| 035 |
|
|
|a PERI00000432
|
| 090 |
|
|
|a 379936
|
| 100 |
|
|
|a 20011210a19909999km y0rusy50 ca
|
| 101 |
0 |
|
|a rus
|
| 102 |
|
|
|a RU
|
| 200 |
1 |
|
|a Человек
|e научно-популярный журнал
|f Российская академия наук (РАН), Институт человека (ИЧ)
|
| 210 |
|
|
|a Москва
|c Наука
|d 2017-2018
|
| 305 |
|
|
|a Издается с 1990 г.
|
| 326 |
|
|
|a 6 номеров в год
|
| 469 |
|
|
|0 (RuTPU)RU\TPU\subscr\103
|
| 610 |
1 |
|
|a человек
|
| 610 |
1 |
|
|a личность
|
| 610 |
1 |
|
|a психология
|
| 610 |
1 |
|
|a этика
|
| 610 |
1 |
|
|a философия
|
| 610 |
1 |
|
|a антропология
|
| 610 |
1 |
|
|a история
|
| 712 |
0 |
2 |
|a Российская академия наук (РАН)
|b Институт человека (ИЧ)
|c (Москва)
|2 stltpush
|3 (RuTPU)RU\TPU\col\2797
|
| 801 |
|
0 |
|a RU
|b 63413507
|c 20011210
|g PSBO
|
| 801 |
|
2 |
|a RU
|b 63413507
|c 20210420
|g PSBO
|
| 856 |
4 |
|
|u https://chelovek.iph.ras.ru/
|
| 856 |
4 |
|
|u https://elibrary.ru/title_about.asp?id=8269
|
| 942 |
|
|
|c CR
|
| 969 |
|
|
|0 001RU\TPU\subscr\103
|